[Event "RSA-ch U10 Girls"]
[Site "Gauteng"]
[Date "2017.04.07"]
[Round "4"]
[White "Carolus, Cayline Jade"]
[Black "Nel, Danika"]
[Result "0-1"]
[WhiteElo "718"]
[BlackElo "922"]
[PlyCount "62"]
[EventDate "2017.04.05"]
[EventType "swiss"]
[EventRounds "11"]
[EventCountry "RSA"]
[SourceTitle "CBM 177 Extra"]
[Source "ChessBase"]
[SourceDate "2017.04.27"]
[SourceVersion "1"]
[SourceVersionDate "2017.04.27"]
[SourceQuality "1"]

1. e4 c5 2. Nf3 Nc6 3. g3 d6 4. d3 Bd7 5. Nbd2 e6 6. Bg2 Be7 7. 0-0 Nf6 8. a3 0-0 9. c3 e5 10. Nb3 b6 11. Qe2 Qc8 12. Bg5 h6 13. Bxf6 Bxf6 14. h3 Bxh3 15. Bxh3 Qxh3 16. Rfe1 Rfe8 17. Qf1 Qh5 18. Qg2 Re6 19. Rad1 Bd8 20. Nbd2 Ne7 21. g4 Qg6 22. g5 Qh5 23. gxh6 Qxh6 24. Kf1 Ng6 25. Qh2 Bh4 26. Ke2 Qh5 27. Qh1 Rf6 28. Rg1 Nf4+ 29. Ke3 d5 30. Qxh4 Ng2+ 31. Rxg2 Qxf3+ 0-1